000 00603nam a2200229Ia 4500
003 OSt
005 20220918192243.0
006 a|||||r|||| 00| 0
007 ta
008 220917b |||||||| |||| 00| 0 eng d
024 _a67,680
037 _cTextual
040 _aARTS
_cARTS
_beng
041 _2eng
_aeng
082 _aR3xM44, 113C8
100 _aRiehl Alois
_978773
245 0 _aFr. Nietzche
260 _c1898
490 _aFrommans Klassiker der philosophie , ed by Richard Falckenberg; 6
942 _hR3xM44, 113C8
_cTEXL
_2CC
999 _c193913
_d193913